Statystyki dla Przystanki tramwajowe we Wrocławiu

Kliknij tutaj aby rozwiązać quiz!

Ogólne statystyki

  • Ten quiz został rozwiązany 455 razy
    (454 od ostatniego zresetowania)
  • Średni wynik to 69 z 182

Statystyki odpowiedzi

Nazwa przystanku% Poprawnych
Dworzec Główny
83%
Arkady Capitol
81%
Galeria Dominikańska
79%
Plac Grunwaldzki
78%
Rynek
75%
ZOO
72%
Dworzec Autobusowy
70%
Gaj
68%
Krzyki
68%
Biskupin
67%
Grabiszyńska
67%
Leśnica
67%
Świdnicka
64%
FAT
63%
Sępolno
63%
Hala Stulecia
62%
Plac Jana Pawła II
62%
Niedźwiedzia
60%
Plac Bema
60%
Dubois
58%
Dworzec Nadodrze
58%
Kromera
58%
Park Południowy
58%
Tarczyński Arena Królewiecka
58%
Tarczyński Arena Lotnicza
58%
Tarnogaj
58%
Most Grunwaldzki
57%
Oporów
56%
Plac Legionów
55%
Wzgórze Partyzantów
55%
Urząd Wojewódzki - Impart
54%
Urząd Wojewódzki - Muzeum Narodowe
54%
Klecina
53%
Księże Małe
53%
Poświętne
53%
Hallera
52%
Katedra
52%
Młodych Techników
52%
Plac Orląt Lwowskich
52%
Rondo
51%
Kowale
50%
Grabiszyńska Cmentarz
49%
Hala Targowa
49%
Plac Wróblewskiego
49%
Pomorska
49%
Kwiska
48%
Kliniki - Politechnika Wrocławska
47%
Małopanewska
47%
Pilczyce
47%
Renoma
47%
Mosty Warszawskie
46%
Opera
46%
Zamkowa
46%
Krakowska
44%
Ogród Botaniczny
44%
Jedności Narodowej
43%
Osobowice
43%
Stadion Olimpijski
43%
Trzebnicka
43%
Wielka
43%
Nowowiejska
42%
Plac Nowy Targ
42%
Bardzka
41%
Kochanowskiego
41%
Piastowska
41%
Plac Strzegomski - Muzeum Współczesne
41%
Reja
41%
Narodowe Forum Muzyki
40%
Orla
40%
Uniwersytet Ekonomiczny
40%
Uniwersytet Wrocławski
40%
Hutmen
39%
Kościuszki
39%
Oławska
39%
Pereca
39%
Karłowice
38%
Komuny Paryskiej
38%
Na Szańcach
38%
Tramwajowa
38%
Zachodnia - Stacja kolejowa
38%
Broniewskiego
37%
Park Zachodni
37%
Śrubowa
37%
Zaolziańska
37%
Daszyńskiego
36%
Kamienna
36%
Wyszyńskiego
36%
Dolmed
35%
Dworzec Świebodzki
35%
Gajowicka
35%
Kolejowa
35%
Kozanów Dokerska
35%
Na Niskich Łąkach
35%
DH Astra
34%
Kamieńskiego
33%
Ojca Beyzyma
33%
Paulińska
33%
Prusa
33%
Słowiańska
33%
Uniwersytecka
33%
Bajana
32%
Gajowa
32%
Plac Srebrny
32%
Stalowa
32%
Wołowska
32%
Wrocławski Park Przemysłowy
32%
Górnicza
31%
Pułaskiego
31%
Aleja Pracy
30%
Fiołkowa
30%
Grabiszyńska Cmentarz II
30%
Joannitów
30%
Park Wschodni
30%
Plac Zgody - Muzeum Etnograficzne
30%
Przyjaźni
30%
Radio i Telewizja
30%
Sztabowa
30%
8 Maja
29%
Armii Krajowej
29%
Chełmońskiego
29%
Prudnicka
29%
Wiśniowa
29%
Wita Stwosza
29%
Chopina
28%
Dmowskiego
28%
Jastrzębia
28%
Kwidzyńska
28%
Metalowców
28%
Bałtycka
27%
Bujwida
27%
Kosmonautów Szpital
27%
Mickiewicza
27%
Osobowicka Cmentarz
27%
Park Staromiejski
27%
Świeradowska
26%
Jeleniogórska
26%
Kępińska
26%
Kleczkowska
26%
Piramowicza
26%
Plac Staszica
26%
Smolecka
26%
Bzowa Centrum Zajezdnia
25%
Hubska Dawida
25%
Godebskiego AWF Wrocław
24%
Grunwaldzka
24%
Kolista
24%
Nyska
24%
Świdnicka - Dom Europy
24%
Aleja Architektów
23%
Bociania
23%
Glinianki
23%
Kamiennogórska (Ośrodek dla niewidomych)
23%
Krakowska Centrum Handlowe
23%
Mielecka
23%
Most Osobowicki
23%
Osobowicka Cmentarz II
23%
Pułtuska
23%
Sanocka
23%
Złotnicka
23%
Górnickiego
22%
Morwowa
22%
Weigla Szpital
22%
Braterska
21%
Karłowicza
21%
Karwińska
21%
Modra
21%
Gęsia
20%
Głubczycka
20%
Krynicka
20%
Sąsiedzka
20%
Spółdzielcza
20%
Grabowa
19%
Klimasa
19%
Grabiszynek
18%
Kętrzyńska
18%
Wschowska
18%
Jaworowa
17%
Kozanowska
17%
Serbska - C.K. Agora
17%
Transbud
17%
Dworska
15%
Kopernika
13%

Rozkład punktacji

Percentyl według liczby udzielonych odpowiedzi

Procent ludzi z każdym wynikiem

Twoja historia wyników

Nie rozwiązałeś tego quizu od ostatniego zresetowania